Preferred Mortgages Ltd V Countrywide Surveyors Ltd (Record no. 75763)
[ view plain ]
| 000 -LEADER | |
|---|---|
| fixed length control field | 01341cab a2200217 4500 |
| 001 - CONTROL NUMBER | |
| control field | L130660 |
| 008 - FIXED-LENGTH DATA ELEMENTS--GENERAL INFORMATION | |
| fixed length control field | 050823n2005 000 0 eng u |
| 035 ## - SYSTEM CONTROL NUMBER | |
| System control number | (Sirsi) u130660 |
| 041 0# - LANGUAGE CODE | |
| Language code of text/sound track or separate title | eng |
| 245 ## - TITLE STATEMENT | |
| Title | Preferred Mortgages Ltd V Countrywide Surveyors Ltd |
| 260 ## - PUBLICATION, DISTRIBUTION, ETC. | |
| Date of publication, distribution, etc. | 2005 |
| 490 ## - SERIES STATEMENT | |
| Series statement | Estates Gazette |
| Volume/sequential designation | [2005] 31 EG 81 (CS)(1) |
| 520 ## - SUMMARY, ETC. | |
| Summary, etc. | ChD, 25 July 2005. Considers whether devaluation of a later valuation using a house price index in an appropriate way of carrying out a retrospective valuation. P claimed that C had been negligent in its valuation of a property on the grounds that a retrospective valuation carried out P's own valuer had produced a significantly lower value. "Held": the claim was dismissed as the valuation by P's expert was based solely on the increases in the regional index figure in the intervening period without any reference to clear and cogent evidence that local house prices had risen the same amount as those for the region as a whole. |
| 590 ## - LOCAL NOTE (RLIN) | |
| Local note | IKA300805 |
| 650 24 - SUBJECT ADDED ENTRY--TOPICAL TERM | |
| Topical term or geographic name entry element | PREFERRED MORTGAGES LTD V COUNTRYWIDE SURVEYORS LTD |
| 650 24 - SUBJECT ADDED ENTRY--TOPICAL TERM | |
| Topical term or geographic name entry element | SOUTH AUSTRALIA ASSET MANAGEMENT CORPORATION V YORK MONTAGUE LTD |
| 650 24 - SUBJECT ADDED ENTRY--TOPICAL TERM | |
| Topical term or geographic name entry element | HALIFAX MORTGAGE SERVICES LTD V SIMPSON |
| 651 #4 - SUBJECT ADDED ENTRY--GEOGRAPHIC NAME | |
| Geographic name | England and Wales |
| Chronological subdivision | 1543- |
| 690 ## - LOCAL SUBJECT ADDED ENTRY--TOPICAL TERM (OCLC, RLIN) | |
| Topical term or geographic name as entry element | PROPERTY-PROPERTY VALUATION AND APPRAISAL-VALUATION ACCURACY |
| 942 ## - ADDED ENTRY ELEMENTS (KOHA) | |
| Suppress in OPAC | 0 |
| Withdrawn status | Lost status | Source of classification or shelving scheme | Damaged status | Not for loan | Home library | Current library | Shelving location | Date acquired | Total Checkouts | Full call number | Barcode | Date last seen | Copy number | Price effective from | Koha item type |
|---|---|---|---|---|---|---|---|---|---|---|---|---|---|---|---|
| Dewey Decimal Classification | London | London | Journal article | 23/08/2005 | L130660 | 130660-1001 | 06/08/2019 | 1 | 06/08/2019 | Law report |